000 00263nam a22001097a 4500
041 _aeng
080 _a80
100 _aАракин, В. Д.
245 _aСравнительная типология англ. и рус. яз..
650 _aEFL
999 _c280478
_d280478
942 _cBK